| 000 | 01146cam a2200241 4500 | ||
|---|---|---|---|
| 001 | ABS67064 | ||
| 008 | 031002n2003 000 0 eng u | ||
| 035 | _a(Sirsi) u123807 | ||
| 100 | _aBrown, S. | ||
| 245 | _aIt's a power stuggle | ||
| 260 | _c2003 | ||
| 490 |
_aEstates Gazette _v(0328) 20 September 2003 130-131(2) |
||
| 520 | _aConsiders the power demands of first world urban areas in the light of recent major power cuts. In particular, it considers the power needs of large buildings and methods to combat increasing high demands for power. The article considers some of the environmental factors at play too, including the impact of solar energy generation on building planning and how one day buildings may become power generators themselves. | ||
| 590 | _aABS | ||
| 650 | _aELECTRICITY | ||
| 650 | _aENERGY DEMAND | ||
| 650 | _aSOLAR POWER | ||
| 650 | _aBUILT ENVIRONMENT-BUILDING ELEMENTS-COMPLETE BUILDING SERVICES ELEMENTS-COMPLETE HEATING, VENTILATION AND AIR CONDITIONING SYSTEMS | ||
| 650 | _aPOWER GENERATION | ||
| 650 | _aENERGY MANAGEMENT | ||
| 690 | _aENVIRONMENTAL AND LAND CONSULTANCY-ENERGY | ||
| 942 | _n0 | ||
| 999 |
_c73526 _d73526 |
||